| 000 | 00546nam a2200145 4500 | ||
|---|---|---|---|
| 001 | 109985 | ||
| 003 | ES-MaACL | ||
| 007 | t| | ||
| 008 | 061121s1928 sp r ||||1| spa d | ||
| 100 | 1 |
_aOppelt García, José. _987128 |
|
| 245 | 1 | 0 |
_aMemoria elevada al Gobierno de S. M. en la apetura de los tribunales el día 15 de septiembre de 1928 _b: organización del Poder Judicial / _cpor el fiscal del Tribuanl Supremo José Oppelt García. |
| 260 |
_aMadrid : _bReus, _c1928. |
||
| 300 |
_aLXXXVIII, 152 p. ; _c24 cm. |
||
| 852 |
_aES-MaACL _jG-13832 |
||
| 999 |
_c109985 _d109985 |
||